Statistics for Countries in FIFA World Cup 1966

Click here to take the quiz!

General Stats

  • This quiz has been taken 20 times
  • The average score is 13 of 16

Answer Stats

RankCountry% Correct
5th PlaceArgentina
100%
Host (1st Place)England
100%
11th PlaceBrazil
95%
3rd PlacePortugal
95%
Runners-Up (2nd Place)West Germany
95%
10th PlaceSpain
89%
13th PlaceFrance
84%
9th PlaceItaly
79%
7th PlaceUruguay
79%
6th PlaceHungary
74%
4th PlaceSoviet Union
74%
12th PlaceMexico
68%
16th PlaceSwitzerland
68%
13th PlaceChile
63%
8th PlaceNorth Korea
63%
15th PlaceBulgaria
42%

Score Distribution

Percentile by Number Answered

Percent of People with Each Score

Your Score History

You have not taken this quiz